000
00441nam a2200145Ia 4500
008
100122s9999 xx 000 0 und d
082
_b
31159
_a
822
100
_a
खरे सुरेश
245
_a
एका घरंात होती
260
_b
जोशी ब्रदर्स
_c
1972
300
_a
93
630
_a
एका घरंात होती
730
_a
एका घरंात होती
942
_c
BOOK
999
_c
415859
_d
415856